00465nam a2200181Ia 450000500170000000800410001702000220005804000190008004100120009908200130011110000310012424500410015526000230019630000160021950400190023565000190025485000100027320240703101809.0131103s9999 xx 000 0 und d a8171672051cRs.30 aLoreto College aEnglish a796bZAK aZakhmi, Major Baljit Singh aTag gamescMajor Baljit Singh Zakhmi aBombaybRupac1994 a82p.b pic. aIncludes index aSports & games aLCBED